Závlahové čerpacie stanice : Prevádzkový objekt

Na minha lista:
Detalhes bibliográficos
Formato: Livro
Idioma:tcheco
Publicado em: Praha : Hydroprojekt, 1979
Tags: Adicionar Tag
Sem tags, seja o primeiro a adicionar uma tag!

MARC

LEADER 00000nam a22000003a 4500
001 stu231577
005 20150408182909.0
008 110715s1979----xr------------------cze-d
040 |a STU  |b slo 
041 0 |a cze 
044 |a xr 
245 |a Závlahové čerpacie stanice :  |b Prevádzkový objekt 
260 |a Praha :  |b Hydroprojekt,  |c 1979 
996 |b 284V034432  |c V*5522/K-1053b  |l VVT  |s A  |a 24  |w stu231577_0001